[Event "Berlin-ch Seniors op 30th"]
[Site "Berlin"]
[Date "2014.02.04"]
[Round "6"]
[White "Schroeder, Wolfgang"]
[Black "Kurbel, Horst Peter"]
[Result "1/2-1/2"]
[WhiteElo "1522"]
[BlackElo "1652"]
[PlyCount "100"]
[EventDate "2014.01.30"]
[EventType "swiss"]
[EventRounds "9"]
[EventCountry "GER"]
[SourceTitle "EXT 2018"]
[Source "ChessBase"]
[SourceDate "2017.10.13"]
[SourceVersion "1"]
[SourceVersionDate "2017.10.13"]
[SourceQuality "1"]

1. d4 Nf6 2. Bg5 Ne4 3. Bf4 c5 4. Nf3 Qb6 5. b3 Nc6 6. e3 Qb4+ 7. Nfd2 cxd4 8. a3 Qa5 9. Bd3 Nxd2 10. Nxd2 dxe3 11. Bxe3 g6 12. b4 Qc7 13. 0-0 Bg7 14. Rb1 0-0 15. f4 d5 16. f5 Bd7 17. Bf4 Qb6+ 18. Kh1 Ne5 19. Bxe5 Bxe5 20. Qe2 Qd6 21. Nf3 Bf6 22. g4 g5 23. Qe3 Qf4 24. Qxf4 gxf4 25. Rbe1 Rfe8 26. g5 Bc3 27. Re2 Bb2 28. Ne5 Bxe5 29. Rxe5 f6 30. gxf6 exf6 31. Rxe8+ Rxe8 32. b5 Re5 33. Rxf4 Kf7 34. Kg2 Ke7 35. Rh4 Bxf5 36. Bxf5 Rxf5 37. Rxh7+ Kd6 38. Rxb7 d4 39. a4 Rc5 40. Rxa7 Rxc2+ 41. Kf3 Rxh2 42. Ra6+ Kc7 43. Rxf6 Ra2 44. Ra6 d3 45. Ke3 d2 46. Ke2 Rb2 47. Kd1 Ra2 48. a5 Kb7 49. Rb6+ Ka7 50. Rd6 Rxa5 1/2-1/2

[Event "Berlin-ch Seniors op 30th"]
[Site "Berlin"]
[Date "2014.02.03"]
[Round "5"]
[White "Kurbel, Horst Peter"]
[Black "Willin, Bernhard"]
[Result "0-1"]
[WhiteElo "1652"]
[BlackElo "1854"]
[PlyCount "52"]
[EventDate "2014.01.30"]
[EventType "swiss"]
[EventRounds "9"]
[EventCountry "GER"]
[SourceTitle "EXT 2018"]
[Source "ChessBase"]
[SourceDate "2017.10.13"]
[SourceVersion "1"]
[SourceVersionDate "2017.10.13"]
[SourceQuality "1"]

1. d4 Nf6 2. c4 e6 3. Nc3 Bb4 4. Qc2 0-0 5. a3 Bxc3+ 6. Qxc3 b6 7. Bg5 h6 8. Bxf6 Qxf6 9. e4 Bb7 10. f3 d6 11. Bd3 Nd7 12. Ne2 e5 13. b4 c5 14. dxe5 dxe5 15. b5 Rfd8 16. 0-0 Nf8 17. f4 Qd6 18. Rad1 exf4 19. e5 Qe7 20. Nxf4 Rd4 21. Nd5 Bxd5 22. cxd5 Qxe5 23. Bc4 Qe4 24. Rxd4 cxd4 25. Qb3 Rd8 26. d6 Ne6 0-1

[Event "Berlin-ch Seniors op 30th"]
[Site "Berlin"]
[Date "2014.02.01"]
[Round "3"]
[White "Kurbel, Horst Peter"]
[Black "Neculman, Mario"]
[Result "1-0"]
[WhiteElo "1652"]
[BlackElo "961"]
[PlyCount "35"]
[EventDate "2014.01.30"]
[EventType "swiss"]
[EventRounds "9"]
[EventCountry "GER"]
[SourceTitle "EXT 2018"]
[Source "ChessBase"]
[SourceDate "2017.10.13"]
[SourceVersion "1"]
[SourceVersionDate "2017.10.13"]
[SourceQuality "1"]

1. d4 Nf6 2. c4 g6 3. Nc3 Bg7 4. e4 d6 5. f3 0-0 6. Be3 e5 7. Nge2 Nc6 8. d5 Ne7 9. Qd2 c6 10. 0-0-0 c5 11. Bh6 Bxh6 12. Qxh6 Nf5 13. exf5 Bxf5 14. g4 Nxg4 15. fxg4 Bxg4 16. Ne4 Qa5 17. Nf6+ Kh8 18. Qxh7# 1-0

[Event "Berlin Lichtenberger op 12th"]
[Site "Berlin"]
[Date "2013.08.24"]
[Round "8"]
[White "Knauer, Frank"]
[Black "Kurbel, Horst Peter"]
[Result "0-1"]
[WhiteElo "1846"]
[BlackElo "1845"]
[PlyCount "64"]
[EventDate "2013.08.17"]
[EventType "swiss"]
[EventRounds "9"]
[EventCountry "GER"]
[SourceTitle "CBM 156 Extra"]
[Source "ChessBase"]
[SourceDate "2013.10.22"]
[SourceVersion "1"]
[SourceVersionDate "2013.10.22"]
[SourceQuality "1"]

1. Nf3 Nf6 2. g3 g6 3. Bg2 Bg7 4. d4 d6 5. c4 Nbd7 6. Nc3 c6 7. e4 e5 8. h3 0-0 9. Be3 Re8 10. Qc2 Qa5 11. 0-0 exd4 12. Nxd4 Ne5 13. b3 a6 14. f4 Ned7 15. Kh2 Rb8 16. Rad1 Nc5 17. Bc1 Qc7 18. Rfe1 Ne6 19. Nf3 b5 20. f5 Nc5 21. Bf4 Bf8 22. cxb5 axb5 23. b4 Na6 24. a3 Nh5 25. Be3 gxf5 26. exf5 d5 27. Bf2 Bd7 28. Nd4 Bd6 29. Qd3 Kh8 30. Qf3 Nf6 31. Kh1 Rg8 32. Nde2 Ne4 0-1

[Event "Berlin Lichtenberger op 12th"]
[Site "Berlin"]
[Date "2013.08.18"]
[Round "2"]
[White "Kornrumpf, Joachim"]
[Black "Kurbel, Horst Peter"]
[Result "1/2-1/2"]
[WhiteElo "2084"]
[BlackElo "1845"]
[PlyCount "125"]
[EventDate "2013.08.17"]
[EventType "swiss"]
[EventRounds "9"]
[EventCountry "GER"]
[SourceTitle "CBM 156 Extra"]
[Source "ChessBase"]
[SourceDate "2013.10.22"]
[SourceVersion "1"]
[SourceVersionDate "2013.10.22"]
[SourceQuality "1"]

1. b3 e5 2. Bb2 d6 3. e3 f5 4. d3 Nf6 5. c4 g6 6. Nd2 Bg7 7. Qc2 b6 8. Ngf3 Bb7 9. Be2 Qe7 10. 0-0 0-0 11. Rac1 Nbd7 12. Ne1 a5 13. a3 Nc5 14. Qb1 Ne6 15. Bf3 c6 16. g3 f4 17. exf4 exf4 18. Bg2 fxg3 19. hxg3 c5 20. Nef3 Nh5 21. Rce1 Rae8 22. Ne4 Qd8 23. Bxg7 Nhxg7 24. Qb2 Nf5 25. b4 axb4 26. axb4 Bxe4 27. Rxe4 Nfd4 28. Nxd4 Nxd4 29. Rxe8 Rxe8 30. Bd5+ Kg7 31. bxc5 bxc5 32. Ra1 Qe7 33. Qb6 Kh6 34. Kg2 Qf6 35. Qb7 Re2 36. Rh1+ Kg5 37. Rf1 h5 38. Be4 h4 39. Qd5+ Kh6 40. gxh4 Qxh4 41. Qxd6 Qg4+ 42. Qg3 Qxg3+ 43. Kxg3 Nf5+ 44. Kf4 Nd6 45. Bf3 g5+ 46. Kg3 Rd2 47. Re1 Rxd3 48. Re6+ Kg7 49. Re5 Kf6 50. Rd5 Ne4+ 51. Kg2 Rxd5 52. cxd5 Nd6 53. Kg3 c4 54. Kg4 c3 55. Bd1 Ne4 56. Bc2 Nd6 57. f4 gxf4 58. Kxf4 Nb5 59. Ke4 Na3 60. Kd3 Nxc2 61. Kxc2 Ke5 62. d6 Kxd6 63. Kxc3 1/2-1/2

[Event "Berlin-ch QT"]
[Site "Berlin"]
[Date "2013.04.06"]
[Round "8"]
[White "Kurbel, Horst Peter"]
[Black "Kather, Yannick"]
[Result "0-1"]
[WhiteElo "1842"]
[BlackElo "1915"]
[PlyCount "108"]
[EventDate "2013.03.30"]
[EventType "swiss"]
[EventRounds "9"]
[EventCountry "GER"]
[SourceTitle "EXT 2023"]
[Source "ChessBase"]
[SourceDate "2022.10.05"]
[SourceVersion "1"]
[SourceVersionDate "2022.10.05"]
[SourceQuality "1"]

1. d4 Nf6 2. c4 g6 3. f3 d5 4. cxd5 Nxd5 5. e4 Nb6 6. Nc3 Bg7 7. Be3 c6 8. Nge2 0-0 9. Ng3 e5 10. dxe5 Bxe5 11. Qxd8 Rxd8 12. Be2 Be6 13. f4 Bg7 14. f5 Bc8 15. Kf2 N8d7 16. Rhd1 Re8 17. Bd4 Bf8 18. Be3 Ne5 19. b3 Nbd7 20. Rac1 b6 21. h4 Nf6 22. Kf1 Neg4 23. Bg1 Bh6 24. Rc2 Bf4 25. Bxg4 Nxg4 26. Nge2 Ba6 27. g3 Bxg3 28. Kg2 Bh2 29. Bf2 gxf5 30. exf5 c5 31. Rd7 Bc8 32. Rd1 Bxf5 33. Rcd2 Bc7 34. Rd5 Be5 35. Ng3 Be6 36. R5d3 c4 37. bxc4 Bxc4 38. Rf3 Rac8 39. Nge4 Nxf2 40. Kxf2 Red8 41. Rxd8+ Rxd8 42. Rf5 Bxc3 43. Nxc3 Rd2+ 44. Ke1 Rh2 45. Rg5+ Kf8 46. Rh5 Bd3 47. Rd5 Bg6 48. Rd7 Rxh4 49. Rxa7 Rh2 50. Ra8+ Kg7 51. a4 h5 52. Rb8 h4 53. Rxb6 h3 54. Rb4 Rg2 0-1

[Event "Berlin Werner Ott op"]
[Site "Berlin"]
[Date "2012.07.09"]
[Round "3"]
[White "Shapiro, Yosip"]
[Black "Kurbel, Horst Peter"]
[Result "1-0"]
[WhiteElo "2107"]
[BlackElo "1882"]
[PlyCount "63"]
[EventDate "2012.07.07"]
[EventType "swiss"]
[EventRounds "9"]
[EventCountry "GER"]
[SourceTitle "CBM 149 Extra"]
[Source "ChessBase"]
[SourceDate "2012.08.24"]
[SourceVersion "1"]
[SourceVersionDate "2012.08.24"]
[SourceQuality "1"]

1. c4 Nf6 2. d4 d6 3. Nc3 Nbd7 4. e4 e5 5. d5 Nc5 6. f3 a5 7. Be3 Nfd7 8. b3 Be7 9. a3 Bg5 10. Bf2 b6 11. Rb1 0-0 12. b4 axb4 13. axb4 Na6 14. Bd3 Bh4 15. g3 Bg5 16. Nge2 Nf6 17. h4 Bh6 18. g4 Bf4 19. Nxf4 exf4 20. Qd2 Nd7 21. Qxf4 Ne5 22. Be2 Nb8 23. Qg3 Ba6 24. Ra1 Nbd7 25. f4 Ng6 26. 0-0 Bb7 27. h5 Ne7 28. Nb5 Ba6 29. Nd4 Nf6 30. Qf3 h6 31. Bh4 Nh7 32. Nc6 1-0

[Event "Berlin qualification op"]
[Site "Berlin"]
[Date "2010.04.08"]
[Round "6"]
[White "Hadj Sassi, Nabil"]
[Black "Kurbel, Horst Peter"]
[Result "1-0"]
[WhiteElo "2038"]
[BlackElo "1900"]
[PlyCount "41"]
[EventDate "2010.04.03"]
[EventType "swiss"]
[EventRounds "9"]
[EventCountry "GER"]
[SourceTitle "EXT 2012"]
[Source "ChessBase"]
[SourceDate "2011.11.24"]
[SourceVersion "1"]
[SourceVersionDate "2011.11.24"]
[SourceQuality "1"]

1. e4 c5 2. c3 d6 3. d4 Nf6 4. Bd3 Nc6 5. Nf3 Bg4 6. d5 Bxf3 7. Qxf3 Ne5 8. Bb5+ Nfd7 9. Qh3 a6 10. Be2 Nf6 11. f4 Ned7 12. Nd2 g6 13. 0-0 Bg7 14. a4 0-0 15. g4 Qc7 16. g5 Ne8 17. Bg4 Rd8 18. a5 f6 19. Be6+ Kh8 20. Nf3 c4 21. Nh4 1-0

[Event "Berlin Herbst op"]
[Site "Berlin"]
[Date "2007.10.14"]
[Round "1"]
[White "Kurbel, Horst Peter"]
[Black "Flom, Gabriel"]
[Result "0-1"]
[WhiteElo "1880"]
[BlackElo "2295"]
[PlyCount "48"]
[EventDate "2007.10.14"]
[EventType "swiss"]
[EventRounds "9"]
[EventCountry "GER"]
[SourceTitle "EXT 2008"]
[Source "ChessBase"]
[SourceDate "2007.11.25"]
[SourceVersion "1"]
[SourceVersionDate "2007.11.25"]
[SourceQuality "1"]

1. d4 Nf6 2. c4 e6 3. Nc3 c5 4. d5 d6 5. Nf3 exd5 6. cxd5 a6 7. a4 g6 8. Nd2 Nbd7 9. Nc4 Nb6 10. e4 Bg7 11. Bd3 Nxc4 12. Bxc4 0-0 13. 0-0 Re8 14. Re1 Ng4 15. Be2 Nxf2 16. Kxf2 Qh4+ 17. Ke3 Bxc3 18. bxc3 Rxe4+ 19. Kd2 Bf5 20. Rf1 Qg5+ 21. Ke1 Qxg2 22. Bf4 Rae8 23. Rf2 Qg1+ 24. Rf1 Qg4 0-1

[Event "Berlin Lichtenberger op 6th"]
[Site "Berlin"]
[Date "2007.??.??"]
[Round "?"]
[White "Kurbel, Horst Peter"]
[Black "Eisentraeger, Sebastian"]
[Result "1/2-1/2"]
[WhiteElo "1899"]
[BlackElo "1854"]
[PlyCount "99"]
[EventDate "2007.08.18"]
[EventType "swiss"]
[EventRounds "9"]
[EventCountry "GER"]
[SourceTitle "CBM 120 Extra"]
[Source "ChessBase"]
[SourceDate "2007.11.01"]
[SourceVersion "1"]
[SourceVersionDate "2007.11.01"]
[SourceQuality "1"]

1. d4 f5 2. g3 Nf6 3. Bg2 g6 4. c4 Bg7 5. Nc3 0-0 6. Nh3 d6 7. 0-0 Qe8 8. Nf4 c6 9. e3 Na6 10. b3 e5 11. dxe5 dxe5 12. Nd3 e4 13. Nf4 Nd7 14. Bb2 Ne5 15. h4 Nc5 16. Rb1 Ned3 17. Nxd3 Nxd3 18. Na4 Nxb2 19. Nxb2 Qe7 20. Qc2 Rd8 21. Rfd1 Be6 22. Rxd8+ Rxd8 23. Rd1 Rxd1+ 24. Nxd1 Qb4 25. Qe2 a5 26. Kh2 a4 27. Qc2 axb3 28. axb3 b5 29. Bf1 bxc4 30. Bxc4 Bxc4 31. bxc4 Kf7 32. Qa2 Qb8 33. Kg2 Ke7 34. Qa3+ Qd6 35. Qa7+ Qd7 36. Qa3+ Ke6 37. Qa4 h6 38. Qb3 Qd3 39. Qa4 Qd6 40. Qb3 g5 41. hxg5 hxg5 42. Qa4 Be5 43. Qb3 c5 44. Nc3 Bxc3 45. Qxc3 Qe5 46. Qa5 f4 47. exf4 gxf4 48. gxf4 Qxf4 49. Qxc5 Qg4+ 50. Kh2 1/2-1/2

[Event "Berlin op 05"]
[Site "Berlin"]
[Date "2006.05.24"]
[Round "1"]
[White "Princeataia, Elina"]
[Black "Kurbel, Horst Peter"]
[Result "0-1"]
[WhiteElo "971"]
[BlackElo "1742"]
[PlyCount "42"]
[EventDate "2006.05.24"]
[EventType "swiss"]
[EventRounds "7"]
[EventCountry "GER"]
[SourceTitle "EXT 2007"]
[Source "ChessBase"]
[SourceDate "2006.11.23"]
[SourceVersion "1"]
[SourceVersionDate "2006.11.23"]
[SourceQuality "1"]

1. e4 c5 2. Nf3 d6 3. d4 cxd4 4. Qxd4 Bd7 5. Qd1 Nf6 6. Nc3 a6 7. Bd3 e6 8. 0-0 Be7 9. Be3 Ng4 10. Bg5 Bxg5 11. Nxg5 Qxg5 12. h3 Nh6 13. Qf3 Nc6 14. Qg3 Qxg3 15. fxg3 Ne5 16. g4 Nxd3 17. cxd3 f6 18. Rf2 Ke7 19. Rc1 Rac8 20. Rf4 b5 21. a3 a5 0-1

[Event "Berlin op 09"]
[Site "Berlin"]
[Date "2005.10.10"]
[Round "5"]
[White "Fuchs, Joerg"]
[Black "Kurbel, Horst Peter"]
[Result "0-1"]
[WhiteElo "1609"]
[BlackElo "1815"]
[PlyCount "70"]
[EventDate "2005.09.05"]
[EventType "swiss"]
[EventRounds "7"]
[EventCountry "GER"]
[SourceTitle "EXT 2007"]
[Source "ChessBase"]
[SourceDate "2006.11.23"]
[SourceVersion "1"]
[SourceVersionDate "2006.11.23"]
[SourceQuality "1"]

1. Nf3 Nf6 2. c4 g6 3. b4 Bg7 4. Bb2 0-0 5. g3 b6 6. Bg2 Bb7 7. d3 d6 8. 0-0 e5 9. Nbd2 Na6 10. a3 c5 11. b5 Nc7 12. Qc2 Ne6 13. e3 Ne8 14. Rfd1 f5 15. d4 e4 16. Ne1 cxd4 17. exd4 Nxd4 18. Bxd4 Bxd4 19. Ra2 Be5 20. Nb3 Qf6 21. Qe2 Nc7 22. a4 Ne6 23. a5 Rae8 24. Nc2 Ng5 25. Ne3 h5 26. Nd5 Bxd5 27. Rxd5 f4 28. Bxe4 Nxe4 29. Qxe4 fxg3 30. Re2 gxf2+ 31. Kh1 Qg5 32. Rd1 Rf4 33. Qd5+ Kh8 34. Qxd6 Bxd6 35. Rxe8+ Bf8 0-1

[Event "Berlin Lichtenrade op 02nd"]
[Site "Berlin"]
[Date "2005.10.07"]
[Round "5"]
[White "Jaeger, Andre"]
[Black "Kurbel, Horst Peter"]
[Result "1/2-1/2"]
[WhiteElo "2135"]
[BlackElo "1894"]
[PlyCount "52"]
[EventDate "2005.10.01"]
[EventType "swiss"]
[EventRounds "9"]
[EventCountry "GER"]
[SourceTitle "CBM 108 Extra"]
[Source "ChessBase"]
[SourceDate "2005.11.04"]
[SourceVersion "1"]
[SourceVersionDate "2005.11.04"]
[SourceQuality "1"]

1. d4 d5 2. c4 dxc4 3. Nf3 Nf6 4. e3 e6 5. Bxc4 c5 6. 0-0 a6 7. a3 b5 8. Ba2 Bb7 9. Qe2 Be7 10. Rd1 Qb6 11. dxc5 Qxc5 12. Nbd2 0-0 13. b4 Qh5 14. Bb2 Nbd7 15. Rac1 Rac8 16. e4 Rxc1 17. Rxc1 Rc8 18. Rxc8+ Bxc8 19. Qd3 Ne8 20. h3 Qg6 21. Qc3 Bb7 22. Bb1 Qf6 23. Qd3 Qxb2 24. Qxd7 Qc1+ 25. Kh2 Qc7+ 26. Qxc7 Nxc7 1/2-1/2

[Event "Berlin Lichtenrade op 02nd"]
[Site "Berlin"]
[Date "2005.10.03"]
[Round "3"]
[White "Kurbel, Horst Peter"]
[Black "Meissner, Hans Juergen"]
[Result "1/2-1/2"]
[WhiteElo "1894"]
[BlackElo "2240"]
[PlyCount "31"]
[EventDate "2005.10.01"]
[EventType "swiss"]
[EventRounds "9"]
[EventCountry "GER"]
[SourceTitle "CBM 108 Extra"]
[Source "ChessBase"]
[SourceDate "2005.11.04"]
[SourceVersion "1"]
[SourceVersionDate "2005.11.04"]
[SourceQuality "1"]

1. e4 e5 2. Nf3 Nc6 3. Bb5 a6 4. Bxc6 dxc6 5. 0-0 Qd6 6. d4 exd4 7. Qxd4 Be6 8. e5 Qc5 9. Nc3 Rd8 10. Qxc5 Bxc5 11. Bg5 Ne7 12. Rfd1 h6 13. Rxd8+ Kxd8 14. Rd1+ Ke8 15. Bxe7 Kxe7 16. Kf1 1/2-1/2

[Event "Muehlhausen op 11th"]
[Site "Muehlhausen"]
[Date "2004.05.20"]
[Round "2"]
[White "Kurbel, Horst Peter"]
[Black "Thinius, Marco"]
[Result "0-1"]
[WhiteElo "1858"]
[BlackElo "2387"]
[PlyCount "80"]
[EventDate "2004.05.??"]
[EventType "swiss"]
[EventRounds "7"]
[EventCountry "GER"]
[SourceTitle "CBM 100 Extra"]
[Source "ChessBase"]
[SourceDate "2004.07.06"]
[SourceVersion "2"]
[SourceVersionDate "2004.07.06"]
[SourceQuality "1"]

1. d4 Nf6 2. c4 e6 3. Nf3 Bb4+ 4. Bd2 a5 5. a3 Bxd2+ 6. Qxd2 d6 7. Nc3 0-0 8. e3 Nc6 9. Be2 Bd7 10. 0-0 Re8 11. Rad1 e5 12. dxe5 Nxe5 13. Nxe5 Rxe5 14. Bf3 Bc6 15. Bxc6 bxc6 16. Rfe1 Qc8 17. e4 Rb8 18. Qc2 Qb7 19. Rd2 h6 20. f3 Nd7 21. Na4 Re7 22. Kh1 Qa7 23. Ree2 Nc5 24. Nxc5 Qxc5 25. Rd1 Ree8 26. h3 Rb7 27. Rdd2 Reb8 28. Qc1 Rb3 29. Rc2 a4 30. Rc3 Qe5 31. Rxb3 Rxb3 32. Qc2 Kf8 33. Kg1 Qd4+ 34. Kh1 Qe5 35. Kg1 Kg8 36. Kh1 h5 37. Kg1 Qd4+ 38. Kh1 Rd3 39. Qxa4 Rd1+ 40. Kh2 h4 0-1